000 01311nam0a2200313 4500
001 RU\NLR\BIBL_A\011991370
005 20190603151730.0
010 _a978-5-6041672-7-4
_9300
021 _aRU
_bКН-П-19-023125
_9КН-П-19-1745
035 _a(NLR Aleph) 011991370
035 _a(RuMoRGB)009934628
090 _a11360275
_c11360275
100 _a20190417d2018 u y0rusy50 ca
101 0 _arus
102 _aRU
105 _aac||z|||000zy
200 1 _aФантик. Не прерванный полет
_e[об уникальном альпинисте Юрии Лишаёве, по прозвищу Фантик]
_fМихаил Слинкин
210 _aМосква
_cИзд-во МБА
_d2018
215 _a223 с., [8] л. ил., цв. ил., портр.
_d22
517 1 _aНе прерванный полет
600 1 _aЛишаёв
_bЮ. М.
_gЮрий Михайлович
_f1955
_2nlr_sh2
_3RU\NLR\AUTH\6601655905
686 1 _aЧ518.23(2)7-8Лишаёв
700 1 _aСлинкин
_bМ. М.
_gМихаил Михайлович
702 1 _aЛишаёв
_bЮ.М.
_f1955-
_gЮрий Михайлович
_3RU\NLR\AUTH\770206332
_4570
942 _cBOOK
980 _aNBR
980 _aNB